| 000 | 00482nam a2200169 a 4500 | ||
|---|---|---|---|
| 005 | 20140414093841.0 | ||
| 008 | 080221s19uu xx uuu eng d | ||
| 050 |
_aVCD 070.1 _bAsi 2003 |
||
| 245 |
_aTinapay ng buhay : _bsimbahan at kahirapan. |
||
| 260 |
_aSl : _bThe Archdiocese of ManilaJesuit of Communications, _cc2003. |
||
| 300 | _a1 videodisk | ||
| 650 | _aFilm (documentary). | ||
| 650 | _aDocumentary films. | ||
| 650 | _aPoverty. | ||
| 942 | _cAVM | ||
| 999 |
_c109324 _d109324 |
||